<?xml version="1.0" encoding="UTF-8"?>
<record
    xmlns:xsi="http://www.w3.org/2001/XMLSchema-instance"
    xsi:schemaLocation="http://www.loc.gov/MARC21/slim http://www.loc.gov/standards/marcxml/schema/MARC21slim.xsd"
    xmlns="http://www.loc.gov/MARC21/slim">

  <leader>01972cam a2200289 a 4500</leader>
  <controlfield tag="003">OSt</controlfield>
  <controlfield tag="005">20160724092516.0</controlfield>
  <controlfield tag="008">130419s2014    nyua     b    001 0 eng  </controlfield>
  <datafield tag="020" ind1=" " ind2=" ">
    <subfield code="a">9780071747349 (hardcover : alk. paper)</subfield>
  </datafield>
  <datafield tag="020" ind1=" " ind2=" ">
    <subfield code="a">0071747346</subfield>
  </datafield>
  <datafield tag="029" ind1="1" ind2=" ">
    <subfield code="a">NLM</subfield>
    <subfield code="b">101606509</subfield>
  </datafield>
  <datafield tag="040" ind1=" " ind2=" ">
    <subfield code="a">MA-UN</subfield>
    <subfield code="b">eng</subfield>
  </datafield>
  <datafield tag="082" ind1="0" ind2="0">
    <subfield code="a">616.107572</subfield>
    <subfield code="2">23</subfield>
    <subfield code="b">COA</subfield>
  </datafield>
  <datafield tag="245" ind1="0" ind2="0">
    <subfield code="a">Color atlas and synopsis of cardiovascular MR and CT /</subfield>
    <subfield code="c">editor, Subha V. Raman ; series editor, William T. Abraham.</subfield>
  </datafield>
  <datafield tag="250" ind1=" " ind2=" ">
    <subfield code="a">&#x637;. 1.</subfield>
  </datafield>
  <datafield tag="260" ind1=" " ind2=" ">
    <subfield code="a">New York :</subfield>
    <subfield code="b">McGraw-Hill Education/Medical,</subfield>
    <subfield code="c">c2014.</subfield>
  </datafield>
  <datafield tag="300" ind1=" " ind2=" ">
    <subfield code="a">ix, 253 p. :</subfield>
    <subfield code="b">col. ill. ;</subfield>
    <subfield code="c">29 cm. +</subfield>
    <subfield code="e">1 DVD (4 3/4 in.)</subfield>
  </datafield>
  <datafield tag="504" ind1=" " ind2=" ">
    <subfield code="a">Includes bibliographical references and index.</subfield>
  </datafield>
  <datafield tag="505" ind1="0" ind2=" ">
    <subfield code="a">The fundamentals of cardiovascular magnetic resonance / Orlando Paul Simonetti, Georgeta Mihai -- Basics of coronary and cardiovascular computed tomography / James K. Min, Rine Nakanishi, Troy Labounty -- Ischemic myocardial disease / Paul Chacko, Subha V. Raman -- Coronary artery disease / J. Ronald Mikolich -- Acquired nonischemic myocardial disease / Jennifer A. Dickerson -- Genetic myocardial disease / Jennifer A. Dickerson -- Cardiovascular magnetic resonance in valvular heart disease / Kamran Shaikh, Dipan J. Shah -- Semilunar valves / Venkateshwar Polsani, Kamran Shaikh, Dipan J. Shah -- The aorta / Mark Rabbat, Mushabbar A. Syed -- Congenital heart disease / Kan N. Hor -- Cardiac masses / Danielle Nicolo ... [et al.] -- Pericardial disease / Julie O'Brien, Amr M. Ajlan, Jonathon Leipsic -- Pulmonary hypertension / Abdul Rahman Wattar, Ashish Aneja.</subfield>
  </datafield>
  <datafield tag="650" ind1=" " ind2="0">
    <subfield code="a">Cardiovascular system</subfield>
    <subfield code="x">Magnetic resonance imaging</subfield>
    <subfield code="v">Atlases.</subfield>
    <subfield code="9">56091</subfield>
  </datafield>
  <datafield tag="650" ind1=" " ind2="0">
    <subfield code="a">Cardiovascular system</subfield>
    <subfield code="x">Tomography</subfield>
    <subfield code="v">Atlases.</subfield>
    <subfield code="9">56092</subfield>
  </datafield>
  <datafield tag="650" ind1="1" ind2="2">
    <subfield code="a">Cardiovascular Diseases</subfield>
    <subfield code="x">radiography.</subfield>
    <subfield code="9">11122</subfield>
  </datafield>
  <datafield tag="650" ind1="2" ind2="2">
    <subfield code="a">Magnetic Resonance Imaging</subfield>
    <subfield code="x">methods.</subfield>
    <subfield code="9">56093</subfield>
  </datafield>
  <datafield tag="650" ind1="2" ind2="2">
    <subfield code="a">Tomography, X-Ray Computed</subfield>
    <subfield code="x">methods.</subfield>
    <subfield code="9">11141</subfield>
  </datafield>
  <datafield tag="700" ind1="1" ind2=" ">
    <subfield code="a">Raman, Subha V.,</subfield>
    <subfield code="e">editor.</subfield>
    <subfield code="9">56094</subfield>
  </datafield>
  <datafield tag="942" ind1=" " ind2=" ">
    <subfield code="c">BOOK</subfield>
  </datafield>
  <datafield tag="999" ind1=" " ind2=" ">
    <subfield code="c">39634</subfield>
    <subfield code="d">274134</subfield>
  </datafield>
  <datafield tag="952" ind1=" " ind2=" ">
    <subfield code="1">0</subfield>
    <subfield code="2">2016-07-24</subfield>
    <subfield code="4">0</subfield>
    <subfield code="7">0</subfield>
    <subfield code="a">616.107572 COA</subfield>
    <subfield code="d">2016-07-24</subfield>
    <subfield code="h">CL</subfield>
    <subfield code="i">00502047</subfield>
    <subfield code="m">CL</subfield>
    <subfield code="r">2016-07-24 00:00:00</subfield>
    <subfield code="t">BOOK</subfield>
    <subfield code="w">ddc</subfield>
    <subfield code="y">0</subfield>
  </datafield>
  <datafield tag="952" ind1=" " ind2=" ">
    <subfield code="1">0</subfield>
    <subfield code="2">2016-07-24</subfield>
    <subfield code="4">0</subfield>
    <subfield code="7">0</subfield>
    <subfield code="a">616.107572 COA</subfield>
    <subfield code="d">2016-07-24</subfield>
    <subfield code="h">CL</subfield>
    <subfield code="i">00502048</subfield>
    <subfield code="m">CL</subfield>
    <subfield code="r">2016-07-24 00:00:00</subfield>
    <subfield code="t">BOOK</subfield>
    <subfield code="w">ddc</subfield>
    <subfield code="y">0</subfield>
  </datafield>
  <datafield tag="952" ind1=" " ind2=" ">
    <subfield code="1">0</subfield>
    <subfield code="2">2016-07-24</subfield>
    <subfield code="4">0</subfield>
    <subfield code="7">0</subfield>
    <subfield code="a">616.107572 COA</subfield>
    <subfield code="d">2016-07-24</subfield>
    <subfield code="h">CL</subfield>
    <subfield code="i">00502049</subfield>
    <subfield code="m">CL</subfield>
    <subfield code="r">2016-07-24 00:00:00</subfield>
    <subfield code="t">BOOK</subfield>
    <subfield code="w">ddc</subfield>
    <subfield code="y">0</subfield>
  </datafield>
</record>
